=LDR 00000nam 2200000 4500 =001 INLIS000000000022104 =005 20130612120908 =008 ***********************************Ind** =035 ##$$0010-061300000022104 =041 ##$$a Ind =082 ##$$a 629.133 38 =090 ##$$a 629.133 38, Sar-t =100 ##$$a SARMIDI =245 ##$$a Teknologi roket untuk perang dan damai, Drs. Sarmidi =260 ##$$a 1989 $b Jakarta =300 ##$$a 174 hlm., ilus., 21 =650 ##$$a Roket (Aeronautika)-Teknik =850 ##$$a NBPNMAT